| 000 | 01537cam a22003374a 4500 | ||
|---|---|---|---|
| 999 |
_c348654 _d348654 |
||
| 001 | 13541664 | ||
| 003 | Nust | ||
| 005 | 20180117090022.0 | ||
| 008 | 040329s2005 at b 001 0 eng | ||
| 010 | _a 2004104730 | ||
| 020 | _a0534553435 | ||
| 035 | _a(DLC) 2004104730 | ||
| 040 |
_aDLC _cDLC _dDLC |
||
| 042 | _apcc | ||
| 050 | 0 | 0 |
_aJF1351 _b.G694 2005 |
| 082 | 0 | 0 |
_a351 _222 |
| 100 | 1 | _aGreene, Jeffrey D. | |
| 245 | 1 | 0 |
_aPublic administration in the new century : _ba concise introduction / _cJeffrey D. Greene. |
| 260 |
_aAustralia ; _aBelmont, CA : _bWadsworth/Thomson Learning, _cc2005. |
||
| 300 |
_axiii, 401 p. ; _c24 cm. |
||
| 504 | _aIncludes bibliographical references and index. | ||
| 650 | 0 |
_aPublic administration _vTextbooks. |
|
| 856 | 4 | 2 |
_3Contributor biographical information _uhttp://www.loc.gov/catdir/enhancements/fy1302/2004104730-b.html |
| 856 | 4 | 2 |
_3Publisher description _uhttp://www.loc.gov/catdir/enhancements/fy1302/2004104730-d.html |
| 856 | 4 | 1 |
_3Table of contents only _uhttp://www.loc.gov/catdir/enhancements/fy1302/2004104730-t.html |
| 906 |
_a7 _bcbc _corignew _d3 _eepcn _f20 _gy-gencatlg |
||
| 942 |
_2ddc _cBK |
||